Cahiers philosophiques N° 108 - Histoire naturelle de l'homme (Record no. 3524)
[ view plain ]
| 000 -LEADER | |
|---|---|
| fixed length control field | 00974nas a2200217 4500 |
| 008 - FIXED-LENGTH DATA ELEMENTS--GENERAL INFORMATION | |
| fixed length control field | s2006 fr fre u |
| 020 ## - INTERNATIONAL STANDARD BOOK NUMBER | |
| International Standard Book Number | 9770241279008 |
| 040 ## - CATALOGING SOURCE | |
| Original cataloging agency | LB-BrCRDP |
| 082 1# - DEWEY DECIMAL CLASSIFICATION NUMBER | |
| Classification number | 105 |
| Item number | CAH |
| 100 1# - MAIN ENTRY--PERSONAL NAME | |
| Personal name | Ancet, Pierre |
| 245 10 - TITLE STATEMENT | |
| Title | Cahiers philosophiques N° 108 - Histoire naturelle de l'homme |
| Statement of responsibility, etc. | Pierre Ancet , Ludwig Crespin |
| 260 ## - PUBLICATION, DISTRIBUTION, ETC. | |
| Place of publication, distribution, etc. | Paris |
| Name of publisher, distributor, etc. | CNDP |
| Date of publication, distribution, etc. | Déc. 2006 |
| 300 ## - PHYSICAL DESCRIPTION | |
| Extent | 126 p. |
| Dimensions | 23 cm |
| 500 ## - GENERAL NOTE | |
| General note | Sommaire. |
| 520 ## - SUMMARY, ETC. | |
| Summary, etc. | " Les hommes croyant avoir une âme, se donnent très peu de peine pour se la procurer effectivement. Mon âme n'est pas le don, qui m'aurait été fait originairement, de la personnalité. C'est le résultat de mon activité. C'est un mauvais calcul de compter jouir de son âme après la mort. Mieux vaut travailler à se rendre présentement vivant." |
| 650 4# - SUBJECT ADDED ENTRY--TOPICAL TERM | |
| Topical term or geographic name entry element | Philosophie |
| 650 4# - SUBJECT ADDED ENTRY--TOPICAL TERM | |
| Topical term or geographic name entry element | Sciences humaines |
| 700 1# - ADDED ENTRY--PERSONAL NAME | |
| Personal name | Crespin, Ludwig |
| 942 ## - ADDED ENTRY ELEMENTS (KOHA) | |
| Koha item type | Continuing Resources |
| Withdrawn status | Lost status | Source of classification or shelving scheme | Damaged status | Not for loan | Home library | Current library | Shelving location | Date acquired | Source of acquisition | Cost, normal purchase price | Total Checkouts | Full call number | Barcode | Date last seen | Copy number | Price effective from | Koha item type |
|---|---|---|---|---|---|---|---|---|---|---|---|---|---|---|---|---|---|
| Dewey Decimal Classification | مكتبة دار المعلمين و المعلمات - زحلة | مكتبة دار المعلمين و المعلمات - زحلة | Salle de Lecture | 04/01/2009 | Amb. de France | 9.00 | 105 CAH | CRZ3798 | 07/27/2016 | 1 | 07/27/2016 | Continuing Resources |